000
00200 a2200097 4500
001
48733
100
_a
Chauez
245
_a
Teaching tennis
260
_a
New Delhi
_b
Surjeet
_c
090
_c
31635
_d
31635
942
_a
NUST-CAE
_c
M
_c
24042
999
_c
283806
_d
283806